[Event "GER-ch U18"]
[Site "Willingen"]
[Date "2007.05.28"]
[Round "4"]
[White "Beck, Frederik"]
[Black "Lieder, Konrad"]
[Result "1-0"]
[WhiteElo "2346"]
[BlackElo "2091"]
[PlyCount "134"]
[EventDate "2007.05.26"]
[EventType "swiss"]
[EventRounds "9"]
[EventCountry "GER"]
[SourceTitle "CBM 118 Extra"]
[Source "ChessBase"]
[SourceDate "2007.07.04"]
[SourceVersion "1"]
[SourceVersionDate "2007.07.04"]
[SourceQuality "1"]

1. e4 c6 2. d4 d5 3. e5 Bf5 4. h4 h5 5. c4 e6 6. Nc3 Nd7 7. cxd5 exd5 8. Bd3 Be6 9. Nge2 Qb6 10. 0-0 0-0-0 11. Na4 Qc7 12. Nf4 Be7 13. Nxh5 Nh6 14. g3 Bg4 15. Be2 Bxe2 16. Qxe2 Nf5 17. Be3 Rh7 18. Nf4 Nf8 19. Nc3 Qd7 20. Qg4 g5 21. hxg5 Rg7 22. Nh5 Rg6 23. Nf6 Bxf6 24. exf6 Nxe3 25. Qxd7+ Nxd7 26. fxe3 Rxg5 27. Rf3 Rh8 28. e4 Rh3 29. Kf2 Rh2+ 30. Ke3 Rxb2 31. exd5 cxd5 32. Kf4 Rh5 33. Kg4 Rh6 34. Nxd5 Rb5 35. Nc3 Rb4 36. Rf4 Nxf6+ 37. Kf3 Kd8 38. Re1 Nh7 39. Re5 f6 40. Rd5+ Ke8 41. Re4+ Kf7 42. Rd7+ Kg6 43. Ree7 Ng5+ 44. Kg4 Rh7 45. Rxh7 Nxh7 46. Nd5 Rb5 47. Ne7+ Kf7 48. Nf5+ Kg8 49. d5 Nf8 50. Rg7+ Kh8 51. Rf7 Ng6 52. Kh5 Ne5 53. Rxf6 Nd7 54. Rh6+ Kg8 55. Rg6+ Kf8 56. Ne3 Kf7 57. Kh6 Ne5 58. Rg7+ Kf8 59. Rc7 a5 60. Kg5 Ke8 61. Kf4 Nd7 62. g4 Kd8 63. Rc2 Ke7 64. g5 Nb6 65. Rd2 Nc8 66. Kg3 Rb6 67. Rh2 Nd6 1-0

[Event "GER-ch U18"]
[Site "Willingen"]
[Date "2007.05.28"]
[Round "3"]
[White "Rietze, Clemens"]
[Black "Beck, Frederik"]
[Result "0-1"]
[WhiteElo "1996"]
[BlackElo "2346"]
[PlyCount "60"]
[EventDate "2007.05.26"]
[EventType "swiss"]
[EventRounds "9"]
[EventCountry "GER"]
[SourceTitle "CBM 118 Extra"]
[Source "ChessBase"]
[SourceDate "2007.07.04"]
[SourceVersion "1"]
[SourceVersionDate "2007.07.04"]
[SourceQuality "1"]

1. d4 Nf6 2. c4 c5 3. d5 b5 4. cxb5 a6 5. Nc3 axb5 6. e4 b4 7. Nb5 d6 8. Bf4 g5 9. Bxg5 Nxe4 10. Bf4 Nf6 11. Nf3 Bg7 12. Bc4 0-0 13. 0-0 Nbd7 14. a3 Nb6 15. Qb3 bxa3 16. Rxa3 Rxa3 17. bxa3 Nxc4 18. Qxc4 Bb7 19. Nc3 Qa8 20. Rd1 Qxa3 21. Bc1 Qb4 22. Qd3 Ra8 23. Bd2 Qg4 24. Re1 c4 25. Qb1 Qd7 26. Bg5 Nxd5 27. Nxd5 Bxd5 28. Rxe7 Qc6 29. Qe1 c3 30. Nh4 Be6 0-1